000 00525nam a2200181Ia 4500
005 20250508151308.0
008 008 250505s9999 xx 000 0 eng d
037 _aTextual
040 _aFEDL
_beng
_cFEDL
041 _aeng
_2eng
084 _a371.74, THA
_qFEDL
100 _aThatcher John R
_9758803
245 0 _aPurposeful enjoyment : A book for secondary boys' schools
260 _aLondon, UK
_bE J Arnold and Sons Ltd.
300 _a95p
942 _cTEXL
_h371.74, THA
999 _c1328895
_d1328895